000 00687nam a2200253Ia 4500
003 OSt
005 20220918165653.0
006 a|||||r|||| 00| 0
007 ta
008 220917b |||||||| |||| 00| 0 eng d
020 _a8170240530
024 _a36,324
037 _cTextual
040 _aARTS
_cARTS
_beng
041 _2eng
_aeng
082 _aO111,3N05:g(S:7), M6
100 _aVijaya Lakshmi
_925062
245 0 _aHero in the fiction of John O'Hara
260 _aNew Delhi
_bAshish Pub India
_c1985
300 _ax,192
_ccm.
650 _aENGLISH LITERATURE
942 _hO111,3N05:g(S:7), M6
_cTEXL
_2CC
999 _c130651
_d130651